Celebrities From the 60s - 80s #1 - Statistics

General Stats
  • This quiz has been taken 205 times
  • The average score is 9 of 12
Answer Stats
Picture Answer % Correct
John F. Kennedy
99%
Madonna
90%
Tom Hanks
88%
David Bowie
86%
Cher
82%
Jimi Hendrix
82%
Patrick Swayze
73%
Stevie Wonder
69%
Gene Wilder
65%
Roy Orbison
57%
Burt Reynolds
55%
Andy Griffith
36%
No matching quizzes found
Score Distribution
Percent of People with Each Score
Percentile by Number Answered
Your Score History
You have not taken this quiz